000 01694cam a22004694i 4500
003 PE-LiUPU
005 20250731173335.0
008 150706s r 000 0 d
020 _a9780310226970
035 _a(Sirsi) i9780310226970
040 _aPE-LiUPU
_bspa
_cPE-LiUPU
_erda
049 _aPRUA
082 0 4 _a266.061
_bS83
_221
100 1 _aStrauss, Mark L.,
_eautor.
245 1 0 _aFour portraits, one Jesus :
_ban introduction to Jesus and the gospels /
_cMark L. Strauss.
264 1 _aGrand Rapids, Michigan :
_bZondervan,
_c2007.
300 _a560 páginas :
_bilustraciones ;
_c24 centímetros
336 _atext
_2rdacontent
337 _aunmediated
_2rdamedia
338 _avolume
_2rdacarrier
505 0 _aIntroduction to the four gospels -- The setting of the gospels -- The four gospels -- The historical Jesus.
526 _aSEG42
526 _aSEG41
526 _aSEG40
526 _aSEG39
526 _aP94
526 _aP87
526 _aP86
526 _aP85
526 _aP77
526 _aP76
526 _aP35
541 _g104-3776787-4588217;
600 1 _aJesucristo
630 _aBiblia.
_pN.T.
_pEvangelios
_xCrítica, interpretación, etc.
910 _agl20090713
942 _2ddc
_cBOOK
949 _a266.061 S83
_wDEWEY
_c1
_i59770
_lCCODEBUL1
_mBUL
_p32.00
_r0
_sY
_tBOOK
_u2015-7-6
_xTEOLOGIA
_PP85
_0COMPRA
_o.STAFF. Colección General
994 _aC0
_bPEPRU
596 _a1
999 _a266.061 S83
_wDEWEY
_c49302
_i59770
_f2021-11-10
_g5
_lCCODEBUL1
_mBUL
_p32.00
_r0
_sY
_tBOOK
_u2015-7-6
_xTEOLOGIA
_PP85
_0COMPRA
_o.STAFF. Colección General
_d49302
980 _81
_gALBERTO SANCHEZ Responsable de Automatización